000 00564nam a2200205Ia 4500
003 IIN
005 20250519110304.0
008 231217s2022 xx ad 001 0 eng d
020 _cRs.550.00
_a9789390619542
040 _aIIN
_bEnglish
082 _a150.8
_bPRA
100 1 _aPrakash, P.
245 1 _aTextbook of Applied Sociology & Psychology:
_bfor B.Sc Nursing Students /
_cP. Prakash
260 _bCBS
_aNew Delhi
_c2022
300 _axxxii, 544p.
_bill.
500 _aIncludes Index
650 1 _aSociology
650 1 _aPsychology
942 _cBOOK
999 _c1125
_d1125